Leszámolások (regényrészlet)

Bibliographic Details
Main Author: Hajdú, István, 1963- (Author)
Format: Article
Language:Hungarian
Slovak
Subjects:

MARC

LEADER 00000nab a2200000 a 4500
001 vtls000680928
003 SK-MaSNL
005 20260302191454.0
008 160314c1998 xo 0 hun
015 |a SNBRB1998/12-31535 
035 |a CLN000033096 
040 |a SNKBUCL  |b slo  |c SNKBUCL  |e AACR2 
041 0 |a slo 
044 |a xo  |c SK 
080 |a 894.511 (437.6)-3=945.11  |2 UDC-MRF-SK2 
100 1 |a Hajdú, István,  |d 1963-  |4 aut  |9 145104 
245 1 0 |a Leszámolások  |b (regényrészlet)  |c Hajdú István 
650 0 7 |a romány spoločenské maďarské  |x úryvky  |2 snkbucl  |9 850017 
773 0 |t Irodalmi szemle  |g Roč. 41, č. 5-6-7 (1998), s. 90-100 
850 |a Slovenská národná knižnica v Martine 
852 |a SNK  |b KIS3GCP 
958 |a HU 
958 |a LX 
958 |a SK 
958 |a RBX 
999 |c 1437421  |d 1439351